[Event "BL 8687 Lasker-Heidelberg"]
[Site "?"]
[Date "1986.??.??"]
[Round "?.3"]
[White "Mack, P."]
[Black "Muse, M."]
[Result "1/2-1/2"]
[WhiteElo "2280"]
[BlackElo "2425"]
[PlyCount "99"]
[EventDate "1986.??.??"]

1. Nf3 Nf6 2. g3 d5 3. Bg2 e6 4. O-O Be7 5. d4 O-O 6. c4 dxc4 7. Qc2 a6 8. Qxc4
b5 9. Qc2 Bb7 10. Bf4 Nc6 11. Rd1 Nb4 12. Qc1 Rc8 13. Nc3 Nbd5 14. Ne5 c5 15.
Nxd5 Bxd5 16. Bxd5 Nxd5 17. dxc5 Bxc5 18. Qd2 Qe7 19. Rac1 Rfd8 20. e4 Bb4 21.
Rxc8 Rxc8 22. Rc1 Rxc1+ 23. Qxc1 Nxf4 24. gxf4 Qb7 25. Qc2 Bd6 26. Qd2 Qc7 27.
Nd3 f6 28. e5 fxe5 29. fxe5 Bxe5 30. Qe3 Bxh2+ 31. Kg2 Bd6 32. Qxe6+ Kf8 33.
Qf5+ Qf7 34. Qc8+ Ke7 35. Qb7+ Kf6 36. Qf3+ Kg6 37. Qc6 Qe7 38. Kf1 h5 39. Qxa6
h4 40. Qc6 Qf6 41. a4 bxa4 42. Qxa4 Kh6 43. Qg4 g5 44. Kg2 Qg6 45. Ne1 Bf4 46.
Nf3 Qc6 47. b4 Qd5 48. b5 Qxb5 49. Nxh4 Qd5+ 50. Nf3 1/2-1/2

[Event "BL 8687 Lasker-Heidelberg"]
[Site "?"]
[Date "1986.??.??"]
[Round "?.6"]
[White "Paulsen, D."]
[Black "Zuse, P."]
[Result "0-1"]
[WhiteElo "2345"]
[BlackElo "2335"]
[PlyCount "100"]
[EventDate "1986.??.??"]

1. d4 Nf6 2. c4 g6 3. Nf3 Bg7 4. g3 c6 5. Nc3 d5 6. cxd5 cxd5 7. Qa4+ Nc6 8.
Bg2 O-O 9. O-O Ne4 10. Rd1 Nxc3 11. bxc3 Bd7 12. Qb3 Qa5 13. Qxb7 Rfd8 14. Bf4
Rac8 15. Rac1 Qxa2 16. Nd2 e5 17. Bg5 Rb8 18. Qc7 Rbc8 19. Qd6 Be6 20. Bxd8 Bf8
21. Ra1 Qc2 22. Qxc6 Rxc6 23. c4 Rc8 24. Ba5 dxc4 25. Rdc1 Qb2 26. d5 c3 27.
Ne4 Bf5 28. Bxc3 Qxe2 29. Re1 Qc2 30. Nf6+ Kh8 31. Bxe5 Bg7 32. g4 Bd3 33. d6
Bb5 34. d7 Bxd7 35. Nxd7 Bxe5 36. Nxe5 Rc7 37. g5 Qf5 38. h4 Rc2 39. Nf3 Kg7
40. Re3 a5 41. Rf1 Qf4 42. Ra1 a4 43. Rea3 Rc4 44. Rd3 Rc1+ 45. Rd1 Rxd1+ 46.
Rxd1 a3 47. Ra1 Qb4 48. Kh2 Qb2 49. Rf1 a2 50. Kg3 a1=Q 0-1

[Event "BL 8687 Lasker-Heidelberg"]
[Site "?"]
[Date "1986.??.??"]
[Round "?.7"]
[White "Krieger, H."]
[Black "Schacht, H."]
[Result "0-1"]
[WhiteElo "2210"]
[BlackElo "2280"]
[PlyCount "84"]
[EventDate "1986.??.??"]

1. e4 c5 2. Nf3 d6 3. d4 cxd4 4. Nxd4 Nf6 5. Nc3 g6 6. Be3 Bg7 7. f3 O-O 8. Qd2
Nc6 9. Bc4 Bd7 10. h4 h5 11. O-O-O Ne5 12. Bb3 Rc8 13. Bg5 Rc5 14. g4 hxg4 15.
f4 Nc4 16. Qd3 b5 17. f5 gxf5 18. exf5 Qc8 19. Rdf1 Nd5 20. Nxd5 Rxd5 21. f6
exf6 22. Bxf6 Qc5 23. Bxg7 Kxg7 24. Rf4 Rh5 25. Rhf1 f5 26. Qe2 Qe5 27. Bxc4
bxc4 28. Qxc4 Rxh4 29. a3 Rh5 30. Kb1 Rg5 31. b3 Kg6 32. Qc7 Rf7 33. Qd8 Qe7
34. Qh8 Rh5 35. Qb8 a6 36. Qg8+ Rg7 37. Qd5 Qe5 38. Qg2 Kh7 39. Qg3 Re7 40. Kb2
a5 41. Qd3 Kh8 42. Rxf5 Bxf5 0-1

[Event "BL 8687 Koblenz-Lasker"]
[Site "?"]
[Date "1986.??.??"]
[Round "?.1"]
[White "Wockenfuss, K."]
[Black "Gutman, L."]
[Result "1/2-1/2"]
[WhiteElo "2350"]
[BlackElo "2460"]
[PlyCount "140"]
[EventDate "1986.??.??"]

1. d4 Nf6 2. Nc3 d5 3. Bg5 Nbd7 4. Nf3 h6 5. Bh4 c6 6. e3 Qa5 7. Bd3 e6 8. O-O
Bb4 9. Ne2 Bd6 10. c4 dxc4 11. Bxc4 O-O 12. Rc1 b5 13. Bd3 Bb7 14. e4 Bc7 15.
Bb1 Rfc8 16. a3 Nh7 17. Qd3 b4 18. axb4 Qxb4 19. Rc3 a5 20. Qc2 Ba6 21. Rc1 Bb5
22. d5 exd5 23. exd5 Nhf8 24. dxc6 Ne5 25. Bg3 Nxf3+ 26. gxf3 Re8 27. Re3 Bb6
28. Re4 Rxe4 29. fxe4 Rc8 30. c7 Ne6 31. Nc3 Nd4 32. Qd1 Qxb2 33. Kg2 Bc6 34.
Nd5 Bxd5 35. exd5 Qb5 36. Ba2 Qb2 37. Bb1 Qb5 38. Ba2 h5 39. Rb1 Qc5 40. Qxh5
Bxc7 41. Bxc7 Rxc7 42. Rb8+ Rc8 43. Rxc8+ Qxc8 44. d6 Qc6+ 45. Bd5 Qd7 46. Be4
Qxd6 47. Qxa5 g6 48. Qg5 Ne6 49. Qg3 Qd4 50. Bf3 Nf4+ 51. Kh1 Qa1+ 52. Qg1 Qc3
53. Qd1 Kh7 54. Kg1 Nh3+ 55. Kg2 Ng5 56. Qe2 Qc8 57. Bg4 Qc6+ 58. f3 Kg8 59.
Qd2 Nh7 60. Qd8+ Nf8 61. h4 Qc2+ 62. Kg3 Qc5 63. Kg2 Qc6 64. Qg5 Qd6 65. h5 Kg7
66. hxg6 Nxg6 67. Bh5 Qf4 68. Qg3 Qd2+ 69. Kf1 Qc1+ 70. Kg2 Qc2+ 1/2-1/2

[Event "BL 8687 Koblenz-Lasker"]
[Site "?"]
[Date "1986.??.??"]
[Round "?.2"]
[White "Wolf, V."]
[Black "Berg, K."]
[Result "0-1"]
[WhiteElo "2315"]
[BlackElo "2355"]
[PlyCount "79"]
[EventDate "1986.??.??"]

1. e4 c6 2. d4 d5 3. exd5 cxd5 4. c4 Nf6 5. Nc3 e6 6. Nf3 Bb4 7. Bd3 dxc4 8.
Bxc4 O-O 9. O-O a6 10. Bg5 b5 11. Bd3 Be7 12. Qe2 Bb7 13. Rfd1 Nbd7 14. Rac1
Rc8 15. a4 b4 16. Nb1 Qa5 17. Bxf6 Bxf6 18. b3 Nb6 19. Nbd2 Nd5 20. Ne4 Nf4 21.
Qe3 Nxd3 22. Qxd3 Bxe4 23. Qxe4 Rc3 24. Rxc3 bxc3 25. Qc6 Qb4 26. Rc1 Qxb3 27.
g3 g6 28. Rxc3 Qd1+ 29. Kg2 Rb8 30. Qxa6 Rb1 31. Re3 Qh1+ 32. Kh3 h5 33. Qa8+
Kg7 34. Qa6 g5 35. Nxg5 Bxg5 36. Re5 Rg1 37. Rxg5+ Kh6 38. Rxh5+ Kxh5 39. Qe2+
Kh6 40. Qe3+ 0-1

[Event "BL 8687 Koblenz-Lasker"]
[Site "?"]
[Date "1986.??.??"]
[Round "?.3"]
[White "Muse, M."]
[Black "Andruet, G."]
[Result "1-0"]
[WhiteElo "2425"]
[BlackElo "2365"]
[PlyCount "79"]
[EventDate "1986.??.??"]

1. d4 Nf6 2. c4 e6 3. Nf3 b6 4. Nc3 Bb7 5. a3 d5 6. cxd5 exd5 7. Bf4 Be7 8. e3
O-O 9. Bd3 Nbd7 10. Rc1 c5 11. h3 a6 12. dxc5 bxc5 13. O-O Qb6 14. Na4 Qa7 15.
Ne5 Rfd8 16. Qc2 g6 17. Rfd1 Rac8 18. Be2 Nf8 19. Ng4 Ne8 20. Be5 f6 21. Bc3 a5
22. Qb3 Bc6 23. Qb6 Rd7 24. Qxa7 Rxa7 25. Nb6 Rd8 26. Nxd5 Bxd5 27. Rxd5 h5 28.
Rxd8 Bxd8 29. Nh2 a4 30. Rd1 Ba5 31. Bc4+ Kg7 32. Bxa5 Rxa5 33. Rd8 Nc7 34. Rd6
Ra7 35. Nf3 Rb7 36. Rc6 Nd7 37. Ne1 Ne8 38. Nd3 Rb6 39. Bd5 Kf8 40. Nxc5 1-0

[Event "BL 8687 Koblenz-Lasker"]
[Site "?"]
[Date "1986.??.??"]
[Round "?.4"]
[White "Brueckner, T."]
[Black "Cramling, P."]
[Result "0-1"]
[WhiteElo "2345"]
[BlackElo "2400"]
[PlyCount "56"]
[EventDate "1986.??.??"]

1. d4 Nf6 2. Nf3 e6 3. c4 c5 4. e3 a6 5. Nc3 d5 6. cxd5 exd5 7. Be2 Nc6 8. O-O
Bd6 9. dxc5 Bxc5 10. b3 O-O 11. Bb2 Ba7 12. Na4 Ne4 13. Rc1 Qd6 14. Nc3 Nf6 15.
Rc2 Bf5 16. Rd2 Rad8 17. Qa1 Rfe8 18. Rfd1 Qe6 19. Nh4 Be4 20. Nf3 Bf5 21. Nh4
Bg4 22. Bxg4 Nxg4 23. Nf3 d4 24. exd4 Nxd4 25. Nxd4 Rxd4 26. Re2 Rxd1+ 27. Qxd1
Nxf2 28. Qf1 Ne4+ 0-1

[Event "BL 8687 Koblenz-Lasker"]
[Site "?"]
[Date "1986.??.??"]
[Round "?.5"]
[White "Cladouras, P."]
[Black "Schlick, V."]
[Result "1/2-1/2"]
[WhiteElo "2325"]
[BlackElo "2285"]
[PlyCount "86"]
[EventDate "1986.??.??"]

1. e4 c5 2. Nf3 Nc6 3. d4 cxd4 4. Nxd4 g6 5. c4 Bg7 6. Be3 Nf6 7. Nc3 O-O 8.
Be2 a5 9. O-O a4 10. Qd2 d6 11. f3 Qa5 12. Rfd1 Bd7 13. Rac1 Rfc8 14. Bf1 Nxd4
15. Bxd4 Be6 16. b3 axb3 17. axb3 Qb4 18. Rb1 Nd7 19. Bxg7 Kxg7 20. f4 f6 21.
Nd5 Qxd2 22. Rxd2 Kf7 23. b4 Ra3 24. Kf2 Bxd5 25. Rxd5 Ra2+ 26. Kg1 Ke8 27. c5
Rca8 28. cxd6 Ra1 29. Rxa1 Rxa1 30. dxe7 Rb1 31. Rd4 Kxe7 32. Kf2 Rb2+ 33. Be2
g5 34. g3 gxf4 35. gxf4 Nf8 36. Rc4 Ne6 37. e5 f5 38. Ke3 b5 39. Rc8 Rxb4 40.
Bd3 Rb3 41. Kd2 Rb2+ 42. Kc3 Rxh2 43. Bxf5 Nxf4 1/2-1/2

[Event "BL 8687 Koblenz-Lasker"]
[Site "?"]
[Date "1986.??.??"]
[Round "?.6"]
[White "Weidemann, J."]
[Black "Paulsen, D."]
[Result "1/2-1/2"]
[WhiteElo "2265"]
[BlackElo "2345"]
[PlyCount "140"]
[EventDate "1986.??.??"]

1. e4 d6 2. d4 Nf6 3. Nc3 g6 4. Bc4 Nc6 5. Nf3 Bg4 6. Be3 Bg7 7. h3 Bxf3 8.
Qxf3 e5 9. dxe5 Nxe5 10. Qe2 O-O 11. O-O Re8 12. Rfe1 Nxe4 13. Nxe4 Nxc4 14.
Bg5 Qxg5 15. Nxg5 Rxe2 16. Rxe2 h6 17. Nf3 Nxb2 18. Rae1 Kf8 19. Re4 b5 20. h4
Na4 21. Rf4 Nc3 22. a3 a5 23. Kf1 a4 24. Nd2 Nd5 25. Rf3 b4 26. Nc4 bxa3 27.
Rxa3 Nb4 28. Re2 Nd5 29. Re1 Bf6 30. g3 Nb4 31. Re2 Nd5 32. Re1 h5 33. Rb1 Nc3
34. Rb7 d5 35. Nb2 d4 36. Nc4 Be7 37. Ra1 a3 38. Rxc7 a2 39. Rb7 Ra4 40. Ne5
Rb4 41. Rxb4 Bxb4 42. Ke1 Ba3 43. Nc4 Bc1 44. Rxc1 Nb1 45. Nd2 a1=Q 46. Rxb1
Qa2 47. Kd1 Qa4 48. Rb3 Qc6 49. Nf3 Qa4 50. Rd3 Qa1+ 51. Ke2 Qc1 52. Nxd4 Kg7
53. Rd1 Qb2 54. Kf1 Qb7 55. Kg1 Qd5 56. Rd3 Qe4 57. Nf3 f6 58. Nd2 Qe2 59. Rd7+
Kf8 60. c4 g5 61. hxg5 fxg5 62. Rd5 Ke7 63. Nf1 Kf6 64. Ne3 h4 65. Rf5+ Kg6 66.
g4 Qb2 67. c5 Qb1+ 68. Kh2 Qe4 69. Kg1 Qb1+ 70. Kh2 Qe4 1/2-1/2

[Event "BL 8687 Koblenz-Lasker"]
[Site "?"]
[Date "1986.??.??"]
[Round "?.7"]
[White "Schacht, H."]
[Black "Doncevic, D."]
[Result "1/2-1/2"]
[WhiteElo "2280"]
[BlackElo "2355"]
[PlyCount "87"]
[EventDate "1986.??.??"]

1. d4 Nf6 2. c4 g6 3. Nc3 d5 4. Bf4 Bg7 5. e3 c5 6. dxc5 Qa5 7. Rc1 dxc4 8.
Bxc4 O-O 9. Nf3 Qxc5 10. Bb3 Nc6 11. O-O Qa5 12. h3 Qa6 13. Nd4 Bd7 14. Bh2
Rac8 15. Ndb5 Qb6 16. Qe2 a6 17. Na3 Na5 18. Nc4 Nxc4 19. Bxc4 Be6 20. Bxe6
Qxe6 21. Rfd1 Ne4 22. Nxe4 Qxe4 23. b3 Rfd8 24. Rxd8+ Rxd8 25. Bg3 Bf6 26. Kh2
h5 27. f3 Qd3 28. Rc2 Qxe2 29. Rxe2 Rd1 30. Bf2 h4 31. Rc2 Rf1 32. g4 hxg3+ 33.
Kxg3 Be5+ 34. f4 Bd6 35. Kg2 Rd1 36. Kf3 f5 37. e4 fxe4+ 38. Kxe4 Rh1 39. Bc5
Re1+ 40. Kf3 Rf1+ 41. Rf2 Rxf2+ 42. Bxf2 Kf7 43. Ke4 Ke6 44. Bd4 1/2-1/2

[Event "BL 8687 Heidelberg-Kreuzberg"]
[Site "?"]
[Date "1986.??.??"]
[Round "?.1"]
[White "King, D."]
[Black "Steinbacher, M."]
[Result "1-0"]
[WhiteElo "2460"]
[BlackElo "2280"]
[PlyCount "85"]
[EventDate "1986.??.??"]

1. e4 b6 2. d4 Bb7 3. Bd3 Nc6 4. c3 e5 5. Nf3 exd4 6. cxd4 Nb4 7. Bc4 d5 8.
exd5 Qe7+ 9. Be3 O-O-O 10. Nc3 Nf6 11. O-O Nfxd5 12. Re1 f6 13. Qb3 Nxc3 14.
Be6+ Kb8 15. bxc3 Nc2 16. Qxc2 Qxe6 17. Nd2 Qg4 18. f3 Qg6 19. Qb3 Bd6 20. c4
Qh5 21. Nf1 g5 22. c5 Bf4 23. a4 Bd5 24. Qb2 Ka8 25. cxb6 cxb6 26. a5 b5 27.
Qxb5 Bb8 28. Bf2 g4 29. fxg4 Qxg4 30. Ne3 Qe4 31. Nxd5 Qxd5 32. Qxd5+ Rxd5 33.
Re7 h5 34. a6 f5 35. Bh4 Bd6 36. Rf7 Bb4 37. Bf6 Rc8 38. Be5 Bc5 39. dxc5 Rxe5
40. Rc1 h4 41. Kf2 Re6 42. c6 Re5 43. c7 1-0

[Event "BL 8687 Heidelberg-Kreuzberg"]
[Site "?"]
[Date "1986.??.??"]
[Round "?.3"]
[White "Lehmann, K."]
[Black "Mack, P."]
[Result "1/2-1/2"]
[WhiteElo "2270"]
[BlackElo "2280"]
[PlyCount "53"]
[EventDate "1986.??.??"]

1. e4 e6 2. d4 d5 3. Nd2 Nf6 4. e5 Nfd7 5. Bd3 c5 6. c3 Nc6 7. Ne2 cxd4 8. cxd4
f6 9. exf6 Nxf6 10. Nf3 Bd6 11. O-O Qc7 12. Bg5 O-O 13. Bh4 Nh5 14. Qc2 h6 15.
Bg6 Nf4 16. Nxf4 Bxf4 17. Bg3 Qb6 18. Rad1 Bd7 19. Rfe1 Rf6 20. Bh4 Rff8 21.
Qe2 Qa6 22. b3 Qxe2 23. Rxe2 Bd6 24. Bg3 Bxg3 25. hxg3 Rf6 26. Bd3 a6 27. Ne5
1/2-1/2

[Event "BL 8687 Heidelberg-Kreuzberg"]
[Site "?"]
[Date "1986.??.??"]
[Round "?.6"]
[White "Zuse, P."]
[Black "Konieczka, F."]
[Result "1-0"]
[WhiteElo "2335"]
[BlackElo "2240"]
[PlyCount "73"]
[EventDate "1986.??.??"]

1. e4 c5 2. Nc3 Nc6 3. g3 g6 4. Bg2 Bg7 5. d3 d6 6. f4 e6 7. Nf3 Nge7 8. O-O
O-O 9. Bd2 b6 10. Rb1 Bb7 11. Ne2 d5 12. e5 Qd7 13. a3 f6 14. exf6 Bxf6 15. b4
Nf5 16. c3 cxb4 17. axb4 b5 18. g4 Nd6 19. Be3 Rae8 20. Ned4 a6 21. Qd2 Nxd4
22. Bxd4 Bxd4+ 23. cxd4 Qd8 24. Rbc1 Qf6 25. Ne5 Re7 26. Qf2 Ra8 27. g5 Qf8 28.
h4 Nf5 29. Bh3 a5 30. Ng4 axb4 31. Nf6+ Kh8 32. h5 Kg7 33. hxg6 hxg6 34. Bxf5
exf5 35. Kg2 Qf7 36. Rh1 Qe6 37. Rce1 1-0

[Event "BL 8687 Heidelberg-Kreuzberg"]
[Site "?"]
[Date "1986.??.??"]
[Round "?.7"]
[White "Glienke, M."]
[Black "Krieger, H."]
[Result "1/2-1/2"]
[WhiteElo "2300"]
[BlackElo "2210"]
[PlyCount "81"]
[EventDate "1986.??.??"]

1. e4 c5 2. d4 cxd4 3. c3 dxc3 4. Nxc3 Nc6 5. Nf3 d6 6. Bc4 e6 7. O-O a6 8. Qe2
Be7 9. Rd1 b5 10. Bb3 Ra7 11. Bf4 Rd7 12. Rd2 Na5 13. Rad1 Nxb3 14. axb3 e5 15.
Bg3 Nf6 16. Bh4 O-O 17. Bxf6 Bxf6 18. Nd5 Bb7 19. Qe3 Bxd5 20. Rxd5 Qc7 21. g4
g6 22. Rc1 Qb7 23. Qc3 Rfd8 24. Qc6 Be7 25. Qxb7 Rxb7 26. Rc6 Ra7 27. Ne1 Raa8
28. Rd1 Rdc8 29. Rdc1 Rxc6 30. Rxc6 Kf8 31. Nc2 a5 32. Ne3 Ke8 33. Nd5 Ra7 34.
Rb6 b4 35. Rb8+ Bd8 36. g5 Kd7 37. h4 Ra6 38. Rb7+ Ke6 39. Rb8 Kd7 40. Rb7+ Ke6
41. Rb8 1/2-1/2

[Event "BL 8687 Koblenz-HSK"]
[Site "?"]
[Date "1986.??.??"]
[Round "?.2"]
[White "Wolf, V."]
[Black "Chandler, M."]
[Result "1-0"]
[WhiteElo "2315"]
[BlackElo "2565"]
[PlyCount "111"]
[EventDate "1986.??.??"]

1. e4 c5 2. Nf3 d6 3. d4 cxd4 4. Nxd4 Nf6 5. Nc3 a6 6. Be2 e5 7. Nb3 Be7 8. Bg5
Be6 9. Bxf6 Bxf6 10. Nd5 Nd7 11. a4 Rc8 12. c3 Bg5 13. a5 O-O 14. O-O g6 15.
Bf3 Kh8 16. Re1 f5 17. Nb4 Qe7 18. exf5 gxf5 19. Bd5 Nc5 20. Nxc5 Rxc5 21. c4
e4 22. Re2 Bf6 23. Ra3 Be5 24. g3 Qf7 25. b3 Bxd5 26. Nxd5 f4 27. Raa2 Qh5 28.
Qe1 fxg3 29. hxg3 Rf3 30. Rxe4 Rxb3 31. f4 Qg6 32. Rg2 Bf6 33. g4 Rc8 34. g5
Bd8 35. Qa1+ Kg8 36. Rge2 Rg3+ 37. Kh2 Rg4 38. Re8+ Kf7 39. R2e7+ Bxe7 40.
Rxe7+ Kg8 41. Nf6+ Kf8 42. Qd1 Rh4+ 43. Kg3 Kxe7 44. Kxh4 Rxc4 45. Qe2+ Kd8 46.
Qxc4 Qb1 47. Qg8+ Kc7 48. Qf7+ Kc6 49. Qd5+ Kc7 50. Qf7+ Kc6 51. Qd7+ Kc5 52.
Qc7+ Kd4 53. Qxd6+ Kc3 54. Qc5+ Kd2 55. Qd4+ Ke2 56. Qe4+ 1-0

[Event "BL 8687 Koblenz-HSK"]
[Site "?"]
[Date "1986.??.??"]
[Round "?.3"]
[White "Stein, B."]
[Black "Andruet, G."]
[Result "1-0"]
[WhiteElo "2405"]
[BlackElo "2365"]
[PlyCount "61"]
[EventDate "1986.??.??"]

1. e4 Nf6 2. e5 Nd5 3. d4 d6 4. Nf3 Bg4 5. Be2 c6 6. c4 Nb6 7. Nbd2 dxe5 8.
Nxe5 Bf5 9. Ndf3 e6 10. g4 Bg6 11. h4 Be7 12. Nxg6 hxg6 13. Be3 N8d7 14. Qc2 c5
15. O-O-O Qc7 16. Kb1 O-O-O 17. g5 Bd6 18. Qe4 Kb8 19. Rd2 Ka8 20. Rhd1 Nc8 21.
Qc2 Be7 22. dxc5 Nxc5 23. b4 Na6 24. a3 Rxd2 25. Rxd2 Rd8 26. Rxd8 Bxd8 27. c5
Ne7 28. Bd4 Nf5 29. Be5 Qc8 30. Bxa6 bxa6 31. Qe4+ 1-0

[Event "BL 8687 Koblenz-HSK"]
[Site "?"]
[Date "1986.??.??"]
[Round "?.4"]
[White "Brueckner, T."]
[Black "Wahls, M."]
[Result "1/2-1/2"]
[WhiteElo "2345"]
[BlackElo "2460"]
[PlyCount "101"]
[EventDate "1986.??.??"]

1. d4 Nf6 2. c4 e6 3. Nf3 c5 4. d5 exd5 5. cxd5 d6 6. Nc3 g6 7. g3 Bg7 8. Bg2
O-O 9. O-O Re8 10. h3 a6 11. a4 Nbd7 12. Bf4 Qc7 13. Qc2 Nh5 14. Bd2 Rb8 15. a5
b5 16. axb6 Nxb6 17. g4 Nf6 18. e4 Nc4 19. Bc1 Nd7 20. Ra4 Na5 21. Bf4 Nb3 22.
Ne2 a5 23. Rd1 Ba6 24. Ned4 Nb6 25. Ra2 Nxd4 26. Nxd4 Nc4 27. Nc6 Rxb2 28. Rxb2
Nxb2 29. Ra1 Bb5 30. Rxa5 Qb6 31. Qb3 Rb8 32. Ra2 c4 33. Qe3 Qxe3 34. Bxe3 Bxc6
35. dxc6 c3 36. c7 Rc8 37. e5 d5 38. Bxd5 Bxe5 39. Bb3 Nd3 40. Kf1 Rxc7 41. Bh6
Rb7 42. Ra8+ Rb8 43. Rxb8+ Bxb8 44. Ke2 Nf4+ 45. Bxf4 Bxf4 46. Kd3 Bd2 47. Ke4
Kg7 48. f4 Kf6 49. Bc2 Ke7 50. Bb3 Kd6 51. f5 1/2-1/2

[Event "BL 8687 Koblenz-HSK"]
[Site "?"]
[Date "1986.??.??"]
[Round "?.5"]
[White "Schulte, O."]
[Black "Schlick, V."]
[Result "1-0"]
[WhiteElo "2325"]
[BlackElo "2285"]
[PlyCount "102"]
[EventDate "1986.??.??"]

1. d4 g6 2. c4 Nf6 3. Nc3 d5 4. Nf3 Bg7 5. cxd5 Nxd5 6. e4 Nb6 7. h3 O-O 8. Be2
e6 9. O-O h6 10. Be3 Kh7 11. Qd2 f5 12. Rad1 N8d7 13. Bd3 Nf6 14. Qc2 Bd7 15.
Ne5 Be8 16. a3 Nh5 17. exf5 exf5 18. g4 Bxe5 19. dxe5 fxg4 20. Qe2 Qh4 21. Qxg4
Qxg4+ 22. hxg4 Nf4 23. Be4 Nc4 24. Bc5 Rf7 25. e6 Nxe6 26. Bxb7 Rb8 27. Bd5
Nxc5 28. b4 Rf4 29. bxc5 Ne5 30. f3 c6 31. Rde1 cxd5 32. Rxe5 d4 33. Ne2 Rf7
34. Nxd4 Rd7 35. Re4 Bf7 36. c6 Rc7 37. Rfe1 Kg8 38. Re7 Rbc8 39. Rxc7 Rxc7 40.
Rb1 Bd5 41. Rb5 Bxf3 42. Rb8+ Kh7 43. Nxf3 Rxc6 44. Rb7+ Kg8 45. Rxa7 Rc4 46.
Ne5 Re4 47. Ra5 Kg7 48. Kf2 Kf6 49. Nd7+ Kg7 50. Kf3 Rd4 51. Ra7 h5 1-0

[Event "BL 8687 Koblenz-HSK"]
[Site "?"]
[Date "1986.??.??"]
[Round "?.6"]
[White "Weidemann, J."]
[Black "Wegner, H."]
[Result "1/2-1/2"]
[WhiteElo "2265"]
[BlackElo "2300"]
[PlyCount "39"]
[EventDate "1986.??.??"]

1. e4 c5 2. b3 b6 3. Bb2 Bb7 4. Qe2 e6 5. f4 Nf6 6. d3 Be7 7. g3 d6 8. Bg2 Nc6
9. Nf3 O-O 10. O-O Qc7 11. Nbd2 Rae8 12. Nc4 b5 13. Nxd6 Qxd6 14. e5 Qd8 15.
exf6 Bxf6 16. Bxf6 Qxf6 17. Ne5 Nd4 18. Qf2 Qe7 19. c3 Nf5 20. Be4 1/2-1/2

[Event "BL 8687 Koblenz-HSK"]
[Site "?"]
[Date "1986.??.??"]
[Round "?.7"]
[White "Reefschlaeger, H."]
[Black "Doncevic, D."]
[Result "1/2-1/2"]
[WhiteElo "2375"]
[BlackElo "2355"]
[PlyCount "29"]
[EventDate "1986.??.??"]

1. d4 Nf6 2. c4 g6 3. g3 c6 4. Bg2 d5 5. cxd5 cxd5 6. Nf3 Bg7 7. Nc3 O-O 8. Ne5
e6 9. O-O Nfd7 10. f4 f6 11. Nf3 Nc6 12. Be3 Nb6 13. b3 Bd7 14. Bf2 f5 15. Rc1
1/2-1/2

[Event "BL 8687 Koblenz-HSK"]
[Site "?"]
[Date "1986.??.??"]
[Round "?.8"]
[White "Seul, G."]
[Black "Behrhorst, F."]
[Result "1/2-1/2"]
[WhiteElo "2235"]
[BlackElo "2325"]
[PlyCount "83"]
[EventDate "1986.??.??"]

1. d4 Nf6 2. c4 e6 3. Nc3 d5 4. cxd5 exd5 5. Bg5 c6 6. e3 Bf5 7. Qf3 Bg6 8.
Bxf6 gxf6 9. Rc1 Nd7 10. Qd1 Bd6 11. h4 Qe7 12. Bd3 Qe6 13. Nge2 O-O 14. O-O
Qg4 15. g3 Bxd3 16. Qxd3 f5 17. Nf4 Bxf4 18. exf4 Nf6 19. Nd1 Ne4 20. Ne3 Qh3
21. Rfd1 Rfe8 22. Qf1 Qxf1+ 23. Nxf1 Nd6 24. Ne3 Kg7 25. Rd3 Kf6 26. f3 h5 27.
Kf2 Re7 28. Rc2 Rae8 29. b3 Nb5 30. a4 Nd6 31. Re2 a6 32. Rdd2 Re6 33. Nc2 a5
34. Re5 Kg6 35. Ne1 f6 36. Rxe6 Rxe6 37. Nd3 Re7 38. Rc2 Re8 39. Rc5 Ra8 40.
Rc2 Re8 41. Rc5 Ra8 42. Rc2 1/2-1/2

[Event "BL 8687 Heidelberg-HSG"]
[Site "?"]
[Date "1986.??.??"]
[Round "?.1"]
[White "Heyken, E."]
[Black "Steinbacher, M."]
[Result "0-1"]
[WhiteElo "2355"]
[BlackElo "2280"]
[PlyCount "84"]
[EventDate "1986.??.??"]

1. d4 Nf6 2. c4 e6 3. Nf3 Bb4+ 4. Nbd2 d5 5. e3 O-O 6. a3 Be7 7. Be2 b6 8. O-O
c5 9. b3 cxd4 10. exd4 Bb7 11. Bb2 Nc6 12. Rc1 dxc4 13. bxc4 Rc8 14. Re1 Qd6
15. Nf1 Rfd8 16. Ne3 Bf8 17. Bd3 g6 18. Rc2 Bg7 19. Rd2 Ne7 20. Bb1 Ne4 21. Rd3
Qf4 22. Re2 Ng5 23. Nxg5 Qxg5 24. d5 exd5 25. Bc1 Qh5 26. g4 Qh4 27. Ng2 Qf6
28. Bf4 d4 29. f3 Nc6 30. Qe1 h6 31. h4 Rd7 32. Re8+ Bf8 33. Rxc8 Bxc8 34. Qe8
Qd8 35. Qe2 Re7 36. Qd2 Qe8 37. h5 Re2 38. Qc1 Ne5 39. hxg6 fxg6 40. Bxh6 Bb7
41. Bxf8 Nxf3+ 42. Kh1 Rxg2 0-1

[Event "BL 8687 Heidelberg-HSG"]
[Site "?"]
[Date "1986.??.??"]
[Round "?.3"]
[White "Breyther, R."]
[Black "Mack, P."]
[Result "1-0"]
[WhiteElo "2335"]
[BlackElo "2280"]
[PlyCount "69"]
[EventDate "1986.??.??"]

1. e4 e6 2. d4 d5 3. Nd2 Nf6 4. e5 Nfd7 5. Bd3 c5 6. c3 Nc6 7. Ne2 cxd4 8. cxd4
f6 9. exf6 Nxf6 10. Nf3 Bd6 11. O-O Qc7 12. Nc3 a6 13. Bg5 O-O 14. Rc1 g6 15.
h3 Nh5 16. Re1 Qg7 17. Bf1 Bd7 18. Na4 Bb4 19. Nc3 Rf7 20. Be3 h6 21. a3 Ba5
22. b4 Bc7 23. Na4 Raf8 24. Nc5 e5 25. dxe5 Nxe5 26. Bd4 Nxf3+ 27. gxf3 Qh7 28.
Nd3 Bf5 29. Ne5 Re7 30. Bc5 Nf4 31. Qd4 Bxh3 32. Ng4 Rxe1 33. Rxe1 Bxf1 34.
Nf6+ Rxf6 35. Re8+ 1-0

[Event "BL 8687 Heidelberg-HSG"]
[Site "?"]
[Date "1986.??.??"]
[Round "?.4"]
[White "Neunhoeffer, H."]
[Black "Dankert, P."]
[Result "1/2-1/2"]
[WhiteElo "2235"]
[BlackElo "2285"]
[PlyCount "93"]
[EventDate "1986.??.??"]

1. d4 d5 2. c4 e6 3. Nf3 c5 4. cxd5 exd5 5. Bg5 Be7 6. Bxe7 Qxe7 7. dxc5 Qxc5
8. Nc3 Nf6 9. Qd4 Qa5 10. e3 Nc6 11. Bb5 O-O 12. Bxc6 bxc6 13. b4 Qa6 14. Ne5
Bf5 15. f3 Rab8 16. g4 Bc8 17. Kf2 Re8 18. Rab1 Qb7 19. Nd3 Qe7 20. h3 Nd7 21.
h4 a5 22. a3 axb4 23. axb4 Nb6 24. Nc5 Nc4 25. e4 Na3 26. Rb2 dxe4 27. N5xe4
Rd8 28. Qc5 Qxc5+ 29. Nxc5 Nc4 30. Rb3 h5 31. g5 Rd2+ 32. Kg3 Ne3 33. N3e4 Nf5+
34. Kf4 Rd4 35. Nd3 Be6 36. Rc3 Ne7 37. Kg3 Rbd8 38. Ne5 Rxb4 39. Nxc6 Nxc6 40.
Rxc6 Rd3 41. Nc5 Rxf3+ 42. Kxf3 Bd5+ 43. Kg3 Bxc6 44. Rd1 Rc4 45. Nd7 Rc3+ 46.
Kh2 Bxd7 47. Rxd7 1/2-1/2

[Event "BL 8687 Heidelberg-HSG"]
[Site "?"]
[Date "1986.??.??"]
[Round "?.7"]
[White "Muender, M."]
[Black "Krieger, H."]
[Result "1-0"]
[WhiteElo "2280"]
[BlackElo "2210"]
[PlyCount "47"]
[EventDate "1986.??.??"]

1. d4 Nf6 2. c4 e6 3. Nf3 c5 4. g3 cxd4 5. Nxd4 Bb4+ 6. Nc3 O-O 7. Bg2 d5 8.
cxd5 Nxd5 9. Bd2 Nxc3 10. bxc3 Bc5 11. O-O Na6 12. Rb1 e5 13. Nb3 Bb6 14. c4
Qe7 15. a4 Bf5 16. Rb2 Rfd8 17. a5 Bc5 18. Nxc5 Nxc5 19. a6 Rab8 20. axb7 e4
21. Qa1 Rxb7 22. Rxb7 Qxb7 23. Be3 Rc8 24. Qe5 1-0

[Event "BL 8687 HSK-Heidelberg"]
[Site "?"]
[Date "1986.??.??"]
[Round "?.3"]
[White "Mack, P."]
[Black "Stein, B."]
[Result "0-1"]
[WhiteElo "2280"]
[BlackElo "2405"]
[PlyCount "62"]
[EventDate "1986.??.??"]

1. Nf3 c5 2. g3 b6 3. Bg2 Bb7 4. O-O Nf6 5. b3 e6 6. Bb2 Be7 7. c4 O-O 8. d4
cxd4 9. Qxd4 d6 10. Nc3 a6 11. Rfd1 Nbd7 12. Rac1 Qc7 13. g4 e5 14. Qd2 Nxg4
15. Ba3 e4 16. Bh3 exf3 17. Bxg4 Ne5 18. Nd5 Bxd5 19. cxd5 Qd8 20. exf3 Bg5 21.
f4 Bh6 22. h3 f5 23. Be2 Ng6 24. Qd4 Bxf4 25. Rc6 Be5 26. Qxb6 Qg5+ 27. Kf1 Bh2
28. Ke1 Rfe8 29. Bxd6 f4 30. Rc3 Nh4 31. Bc5 f3 0-1

[Event "BL 8687 HSK-Heidelberg"]
[Site "?"]
[Date "1986.??.??"]
[Round "?.4"]
[White "Wahls, M."]
[Black "Neunhoeffer, H."]
[Result "1-0"]
[WhiteElo "2460"]
[BlackElo "2235"]
[PlyCount "89"]
[EventDate "1986.??.??"]

1. e4 e5 2. Nf3 Nc6 3. Bb5 a6 4. Bxc6 dxc6 5. O-O f6 6. d4 Bg4 7. c3 Bd6 8.
Nbd2 Qd7 9. h3 Be6 10. dxe5 Be7 11. Nb3 O-O-O 12. Qxd7+ Bxd7 13. Be3 b6 14.
Nfd4 c5 15. Nf5 Bf8 16. Ng3 Re8 17. exf6 Nxf6 18. Nd2 Bc6 19. f3 Rg8 20. Rad1
g5 21. Nf5 Nd7 22. c4 Ne5 23. b3 Bd7 24. Ng3 Bd6 25. Nh1 h5 26. Nb1 Nc6 27. Nc3
Be5 28. Ne2 Ref8 29. Nhg3 h4 30. Nh1 Bd6 31. Nf2 Be6 32. Ng4 b5 33. cxb5 axb5
34. Nc3 b4 35. Nb5 Be7 36. Rc1 c4 37. bxc4 Kb7 38. Rf2 Ra8 39. Rb2 Ra5 40. a3
Bxc4 41. Nxc7 Kxc7 42. axb4 Rb5 43. Rxc4 Bxb4 44. Nf6 Rgb8 45. Rbc2 1-0